000
00298nam a2200121Ia 4500
008
200103s9999||||xx |||||||||||||| ||und||
040
_a
IMU-MPC
082
_a
Column-50
100
_a
Clifford, Martin
245
0
_a
Electronics Data Handbook
260
_b
Iliffe Books Ltd., London
_c
1964
942
_c
BK
999
_c
9795
_d
9795